|
|
|
|
| LEADER |
01044nam a2200241 a 4500 |
| 001 |
781 |
| 008 |
130531t19781962it a b 000 0 eng d |
| 010 |
|
|
|a 63002697
|
| 020 |
|
|
|a 9251007225
|
| 040 |
|
|
|a DLC
|c NSyU
|d Uk
|d OCoLC
|d DLC
|d BD-DhAAL
|
| 082 |
|
|
|a 634.92
|
| 110 |
2 |
|
|a Food and Agriculture Organization of the United Nations.
|
| 245 |
1 |
0 |
|a Forest influences :
|b an introduction to ecological forestry.
|
| 260 |
|
|
|a Rome :
|b FAO,
|c c1962 [second printing 1978].
|
| 300 |
|
|
|a xxi, 307 p. :
|b illus. ;
|c 23 cm.
|
| 490 |
1 |
|
|a FAO forestry and forest products studies,
|v no. 15
|
| 504 |
|
|
|a Includes bibliography (p. 283-307).
|
| 541 |
|
|
|e 781
|
| 650 |
|
0 |
|a Forest influences.
|
| 810 |
2 |
|
|a Food and Agriculture Organization of the United Nations.
|t FAO forestry and forest products studies ;
|v no. 15.
|
| 852 |
1 |
|
|a Ayesha Abed Library
|j General shelf.
|
| 999 |
|
|
|c 13522
|d 13522
|
| 952 |
|
|
|0 0
|1 0
|2 ddc
|4 0
|6 634_920000000000000_FOR
|7 0
|9 22581
|a BRACUL
|b BRACUL
|c GEN
|d 2013-06-01
|g 0.00
|l 0
|o 634.92 FOR
|p 3010000781
|r 2013-06-01
|t 1
|w 2013-06-01
|y BK
|z Not price in Register
|